Squid Game Characters-How Did They Die Season 1 - Statistics

General Stats
  • This quiz has been taken 182 times
  • The average score is 10 of 15
Answer Stats
Question Answer % Correct
Player 199/Ali Abdul Shot by guard after unfairly losing a game of Marbles
99%
Player 067/Kang Sae-byeok Stabbed in the neck by Cho Sang-Woo
96%
Player 218/Cho Sang-woo Self elimination by stabbing himself in the neck during the final game
95%
Player 101/Jang Deok-Su Fell to death in Glass Stepping Stones
94%
Player 240/Ji-yeong Shot to death after sacrificing herself in Marbles
88%
Player 212/Han Mi-nyeo Fell to death in Glass Stepping Stones
84%
Player 001/Oh Il-Nam Died due to brain tumor
73%
Player 069 Self-elimination after death of Player 070
71%
Player 111/Byeong-gi Shot after breaking the rules of the game
65%
Player 017/Do Jung-soo Fell to death in Glass Stepping Stones
54%
Player 070 Shot to death after losing a game of Marbles
54%
Player 369/Park Ju-un Shot after breaking his Honeycomb
42%
Guard #28 Shot in head by Hwang Jun-ho
42%
Player 306 Shot after trying to run to the doors in Red Light Green Light
35%
Player 324 Incinerated after surviving a gunshot
12%
No matching quizzes found
Score Distribution
Percent of People with Each Score
Percentile by Number Answered
Your Score History
You have not taken this quiz